000
00289nam a22001337a 4500
003
SGT
020
_a
9788123910970
082
_a
660.6
_b
KOK
100
_a
KOKATE C.K
245
_a
MEDICINAL PLANT BIOTECHNOLOGY
260
_a
INDIA
_b
CBS PD PUB
_c
2023
300
_a
506
942
_2
ddc
_c
BK
999
_c
34489
_d
34489